Moving towards clear land title in India (Record no. 116211)

MARC details
000 -LEADER
fixed length control field 01398cad a22002775a 4500
001 - CONTROL NUMBER
control field L160095
008 - FIXED-LENGTH DATA ELEMENTS--GENERAL INFORMATION
fixed length control field 100611s2009 xxk f 000 0 eng d
035 ## - SYSTEM CONTROL NUMBER
System control number (Sirsi) u160095
041 0# - LANGUAGE CODE
Language code of text/sound track or separate title eng
110 2# - MAIN ENTRY--CORPORATE NAME
Corporate name or jurisdiction name as entry element Federation International Des Geometres
111 2# - MAIN ENTRY--MEETING NAME
Meeting name or jurisdiction name as entry element FIG / World Bank Conference Washington DC, USA
Date of meeting or treaty signing 9 - 10 March 2009
245 00 - TITLE STATEMENT
Title Moving towards clear land title in India
Remainder of title Potential benefits, a roadmap, and remaining challenges
Medium [electronic resource]
260 ## - PUBLICATION, DISTRIBUTION, ETC.
Place of publication, distribution, etc. Washington
Name of publisher, distributor, etc. FIG
Date of publication, distribution, etc. 2009
520 ## - SUMMARY, ETC.
Summary, etc. Present land titling system in India provides for registration of deeds and documents and "presumptive" property titles. India has begun the journey towards the goal of ushering in the system of Conclusive Tiles with title guarantee. Modernization of the land records management and property registration systems is the first step.
521 ## - TARGET AUDIENCE NOTE
Target audience note Advanced
590 ## - LOCAL NOTE (RLIN)
Local note KA
650 24 - SUBJECT ADDED ENTRY--TOPICAL TERM
Topical term or geographic name entry element LAND REFORM
650 24 - SUBJECT ADDED ENTRY--TOPICAL TERM
Topical term or geographic name entry element PROPERTY TENURE
650 24 - SUBJECT ADDED ENTRY--TOPICAL TERM
Topical term or geographic name entry element LAND RECORDS
651 #4 - SUBJECT ADDED ENTRY--GEOGRAPHIC NAME
Geographic name India
690 ## - LOCAL SUBJECT ADDED ENTRY--TOPICAL TERM (OCLC, RLIN)
Topical term or geographic name as entry element Land use
9 (RLIN) 6251
700 1# - ADDED ENTRY--PERSONAL NAME
Personal name Sinha, Rita
856 40 - ELECTRONIC LOCATION AND ACCESS
Uniform Resource Identifier <a href="https://www.rics.org/Global/Downloads/RICS_FIG_Moving_Towards_Clear_Land_TItles_in_India.pdf">https://www.rics.org/Global/Downloads/RICS_FIG_Moving_Towards_Clear_Land_TItles_in_India.pdf</a>
Public note View the conference paper free of charge at www.rics.org
856 40 - ELECTRONIC LOCATION AND ACCESS
Uniform Resource Identifier <a href="https://fig.net/resources/proceedings/2009/fig_wb_2009/papers/country/country_sinha_ppt.pdf">https://fig.net/resources/proceedings/2009/fig_wb_2009/papers/country/country_sinha_ppt.pdf</a>
Public note View the presentation free of charge at fig.net
942 ## - ADDED ENTRY ELEMENTS (KOHA)
Suppress in OPAC 0
Holdings
Withdrawn status Lost status Source of classification or shelving scheme Damaged status Not for loan Home library Current library Shelving location Date acquired Total Checkouts Full call number Barcode Date last seen Copy number Price effective from Koha item type
    Dewey Decimal Classification     Virtual Virtual Online 23/05/2018   ONLINE PUBLICATION 160095-2001 06/08/2019 1 06/08/2019 Book